Top 8 Most Populated Cities in South Africa - Sudden Death - Statistics

General Stats
  • This quiz has been taken 44 times
  • The average score is 3 of 8
Answers on the Grid
Answers color-coded by a green-red scale on the quiz's grid according to % correct below.
Johannesburg
Bloemfontein
Soweto
Durban
East London
Bethlehem
Pretoria
Mbombela
Cape Town
Port Elizabeth
Stellenbosch
Newcastle
Benoni
Thembisa
Pietermaritzburg
Vereeniging
 
Answer Stats
Answer % Correct
Johannesburg
100%
Cape Town
67%
Durban
44%
Port Elizabeth
41%
Pretoria
37%
Soweto
15%
Benoni
0%
Pietermaritzburg
0%
No matching quizzes found
Score Distribution
Percent of People with Each Score
Percentile by Number Answered
Your Score History
You have not taken this quiz